000 00517nam a22001817a 4500
001 5593
003 FISKH
005 20241220143524.0
008 241219b cb ||||| |||| 00| 0 eng d
020 _a0153300108
040 _aFISKH
_beng
_cFISKH
_dFISKH
100 _aCullinan,Bernice
245 _aFanfare /
_cBy Bernice Cullinan
260 _aOrlando :
_b Harcourt Brace Jovanovich ;
_c1989.
300 _a334 pages :
_bcolor illustrations ;
_c25 cm .
650 _aEducation Resources
_vFiction
942 _2ddc
_cBK
_n0
999 _c5593
_d5593